Government affordable homes commitment (Record no. 73629)
[ view plain ]
| 000 -LEADER | |
|---|---|
| fixed length control field | 01119cam a2200217 4500 |
| 001 - CONTROL NUMBER | |
| control field | WB3940-10 |
| 008 - FIXED-LENGTH DATA ELEMENTS--GENERAL INFORMATION | |
| fixed length control field | 031022n2003 000 0 eng u |
| 035 ## - SYSTEM CONTROL NUMBER | |
| System control number | (Sirsi) u123976 |
| 245 ## - TITLE STATEMENT | |
| Title | Government affordable homes commitment |
| 260 ## - PUBLICATION, DISTRIBUTION, ETC. | |
| Date of publication, distribution, etc. | 2003 |
| 490 ## - SERIES STATEMENT | |
| Series statement | ODPM News Release |
| Volume/sequential designation | (0214) 21 October 2003, (3) |
| 520 ## - SUMMARY, ETC. | |
| Summary, etc. | New £5bn housing allocation is unveiled to improve access to affordable housing, decent homes and key workers. The key worker initiative will direct resources to priority categories of people such as teachers and health workers, and also other areas to tackle recruitment and retention problems. This all relates to the governments commitment to create a world class education system in London with the aim to retain more high quality teachers and transform standards. For the ODPM news release: http://www.odpm.gov.uk/pns/DisplayPN.cgi?pn_id=2003_0214 |
| 590 ## - LOCAL NOTE (RLIN) | |
| Local note | WB |
| 650 ## - SUBJECT ADDED ENTRY--TOPICAL TERM | |
| Topical term or geographic name entry element | AFFORDABLE HOMES |
| 650 ## - SUBJECT ADDED ENTRY--TOPICAL TERM | |
| Topical term or geographic name entry element | Affordable housing |
| 9 (RLIN) | 6215 |
| 650 ## - SUBJECT ADDED ENTRY--TOPICAL TERM | |
| Topical term or geographic name entry element | KEY WORKERS |
| 650 ## - SUBJECT ADDED ENTRY--TOPICAL TERM | |
| Topical term or geographic name entry element | EDUCATION SYSTEM |
| 650 ## - SUBJECT ADDED ENTRY--TOPICAL TERM | |
| Topical term or geographic name entry element | HOUSING ALLOCATION |
| 690 ## - LOCAL SUBJECT ADDED ENTRY--TOPICAL TERM (OCLC, RLIN) | |
| Topical term or geographic name as entry element | Affordable housing |
| 9 (RLIN) | 6215 |
| 942 ## - ADDED ENTRY ELEMENTS (KOHA) | |
| Suppress in OPAC | 0 |
| Withdrawn status | Lost status | Source of classification or shelving scheme | Damaged status | Not for loan | Home library | Current library | Shelving location | Date acquired | Total Checkouts | Full call number | Barcode | Date last seen | Copy number | Price effective from | Koha item type |
|---|---|---|---|---|---|---|---|---|---|---|---|---|---|---|---|
| Dewey Decimal Classification | London | London | News article | 22/10/2003 | WB3940-10 | 123976-1001 | 06/08/2019 | 1 | 06/08/2019 | News article |